| 000 | 00720nam a22002293a 4500 | ||
|---|---|---|---|
| 005 | 20250221063746.0 | ||
| 008 | 010625s1998 ag r 000 0 spa d | ||
| 020 | _a9507015116 | ||
| 035 | _aUPN01000108935 | ||
| 049 | _aCG | ||
| 050 | 4 |
_aLC214 _bD4.8 |
|
| 100 | 1 |
_aDevalle de Rendo, Alicia, _d1942-2006 _931125 |
|
| 245 | 1 | 4 |
_aUna escuela en y para la diversidad : _bel entramado de la diversidad / _cAlicia Devalle de Rendo, Viviana Vega. |
| 260 |
_a[Buenos Aires] : _bAique, _c[1998]. |
||
| 300 | _a246 p. | ||
| 440 | 0 | _aCarrera docente | |
| 650 | 4 |
_aIntegración escolar _9306 |
|
| 650 | 4 |
_aEducación _xAspectos sociales _95311 |
|
| 650 | 2 |
_aIgualdad _91585 |
|
| 700 | 1 |
_aVega, Viviana, _ecoaut. |
|
| 905 | _aLibro | ||
| 999 |
_c82846 _d82846 |
||